Which city in Switzerland? - Statistics

General Stats
  • This quiz has been taken 386 times
  • The average score is 11 of 15
Answer Stats
Description Letter City % Correct
French-speaking city, known as peacekeeper because of the headquarters of the UN or WHO G Geneva
100%
Most populous city of Switzerland Z Zurich
100%
Capital of Switzerland B Bern
99%
On the banks of the Rhine river, it is close to both French and German borders B Basel
94%
Highly touristic city, home to Kapellbrücke, world oldest covered wooden bridge L Lucerne
82%
Headquarters of the IOC L Lausanne
79%
Biggest italian-speaking city known for its Mediterranean climate L Lugano
74%
Literally "free town", has the same name as a German city on the Brisgau F Fribourg
73%
Hold the World Economic Forum meeting every year D Davos
70%
Founded by an Irish monk named "Gall" S St-Gall
70%
Ski resort at the foot of mount Matterhorn Z Zermatt
68%
Its name means "between the lakes" in German, close to the mountains Jungfraujoch or Eiger I Interlaken
63%
Home to a famous Jazz Festival on Lake of Geneva near Château de Chillon M Montreux
56%
Only Swiss city that hosted Olympic Games S St.Moritz
56%
Share its name with a famous Swiss cheese G Gruyère
55%
No matching quizzes found
Score Distribution
Percent of People with Each Score
Percentile by Number Answered
Your Score History
You have not taken this quiz